[Event "Asuncion zt 2.5"]
[Site "Asuncion"]
[Date "2009.06.15"]
[Round "6"]
[White "Demaria, Juan Pablo"]
[Black "Latorre Lopez Moreira, Luis Matias"]
[Result "1-0"]
[WhiteElo "2288"]
[BlackElo "2041"]
[PlyCount "93"]
[EventDate "2009.06.10"]
[EventType "swiss"]
[EventRounds "9"]
[EventCountry "PAR"]
[SourceTitle "CBM 130 Extra"]
[Source "ChessBase"]
[SourceDate "2009.07.02"]
[SourceVersion "2"]
[SourceVersionDate "2009.07.15"]
[SourceQuality "1"]

1. e4 e5 2. Nf3 Nc6 3. d4 exd4 4. Nxd4 Qh4 5. Nc3 Bb4 6. Be2 Nf6 7. 0-0 Nxe4 8. Nf5 Nxc3 9. bxc3 Qf6 10. cxb4 Qxa1 11. b5 Nd8 12. Ba3 Qf6 13. Ne7 c6 14. Re1 d5 15. bxc6 Be6 16. cxb7 Nxb7 17. Nxd5 0-0-0 18. Nxf6 Rxd1 19. Rxd1 gxf6 20. Bb2 Rd8 21. Rxd8+ Nxd8 22. a3 f5 23. f3 Nc6 24. Bc3 Ne7 25. Kf2 Nd5 26. Bd4 a5 27. c4 Nf4 28. Bf1 Kb7 29. Ke3 Ng6 30. Bf6 Kc6 31. Bd3 Kc5 32. Bd4+ Kc6 33. g3 h5 34. Bc3 Kb6 35. Kd4 f4 36. c5+ Kc6 37. Bxa5 fxg3 38. hxg3 h4 39. Bxg6 h3 40. Be4+ Kb5 41. Bc7 f5 42. g4 fxg4 43. fxg4 Bxg4 44. Bd6 Bd7 45. Ke3 h2 46. Kd4 Bf5 47. Bh1 1-0

[Event "Asuncion zt 2.5"]
[Site "Asuncion"]
[Date "2009.06.10"]
[Round "1"]
[White "Heinechen, John"]
[Black "Demaria, Juan Pablo"]
[Result "0-1"]
[WhiteElo "1690"]
[BlackElo "2288"]
[PlyCount "80"]
[EventDate "2009.06.10"]
[EventType "swiss"]
[EventRounds "9"]
[EventCountry "PAR"]
[SourceTitle "CBM 130 Extra"]
[Source "ChessBase"]
[SourceDate "2009.07.02"]
[SourceVersion "2"]
[SourceVersionDate "2009.07.15"]
[SourceQuality "1"]

1. e4 c5 2. Nc3 Nc6 3. g3 g6 4. Bg2 Bg7 5. d3 Rb8 6. a4 d6 7. f4 e6 8. Nf3 Nge7 9. 0-0 0-0 10. Be3 Nd4 11. Bf2 f5 12. Nd2 a6 13. Ncb1 e5 14. c3 Ne6 15. Qf3 exf4 16. exf5 Nxf5 17. gxf4 Nh4 18. Bxh4 Qxh4 19. Qg3 Rxf4 20. Na3 Qxg3 21. hxg3 Rxf1+ 22. Rxf1 Be5 23. Bd5 Kg7 24. Nac4 Bxg3 25. Ne4 Nf4 26. Bxb7 Ne2+ 27. Kg2 Bxb7 28. Kf3 d5 29. Nxc5 dxc4+ 30. Kxe2 Bc8 31. Kf3 Bd6 32. Ne4 Bb7 33. dxc4 Rf8+ 34. Ke2 Bxe4 35. Rxf8 Kxf8 36. b4 Bf4 37. b5 h5 38. a5 h4 39. bxa6 h3 40. a7 h2 0-1

[Event "Dos Hermanas Internet qual-E 10th"]
[Site "ICC INT"]
[Date "2009.03.15"]
[Round "1"]
[White "Demaria, Juan Pablo"]
[Black "Gratze, Michael"]
[Result "1-0"]
[WhiteElo "2288"]
[BlackElo "2086"]
[PlyCount "47"]
[EventDate "2009.03.15"]
[EventType "swiss (blitz)"]
[EventRounds "12"]
[EventCountry "ESP"]
[SourceTitle "CBM 129 Extra"]
[Source "ChessBase"]
[SourceDate "2009.05.05"]
[SourceVersion "2"]
[SourceVersionDate "2009.05.20"]
[SourceQuality "1"]

1. e4 e6 2. d4 d5 3. Nc3 Nc6 4. Nf3 Nf6 5. e5 Ne4 6. Bd3 Bb4 7. Bd2 Nxd2 8. Qxd2 0-0 9. h4 h6 10. 0-0-0 a5 11. g4 Be7 12. Kb1 Nb4 13. g5 h5 14. g6 Nxd3 15. gxf7+ Rxf7 16. Qxd3 c6 17. Ne2 b5 18. Ng3 c5 19. Nxh5 c4 20. Qg6 Bf8 21. Rdg1 Rxf3 22. Nxg7 Be7 23. Nxe6+ Kh8 24. Qg7# 1-0

[Event "Dos Hermanas Internet qual-E 10th"]
[Site "ICC INT"]
[Date "2009.03.15"]
[Round "3"]
[White "Demaria, Juan Pablo"]
[Black "Noritsyn, Nikolay"]
[Result "0-1"]
[WhiteElo "2288"]
[BlackElo "2381"]
[PlyCount "60"]
[EventDate "2009.03.15"]
[EventType "swiss (blitz)"]
[EventRounds "12"]
[EventCountry "ESP"]
[SourceTitle "CBM 129 Extra"]
[Source "ChessBase"]
[SourceDate "2009.05.05"]
[SourceVersion "2"]
[SourceVersionDate "2009.05.20"]
[SourceQuality "1"]

1. e4 c5 2. Nf3 Nc6 3. d4 cxd4 4. Nxd4 g6 5. Be3 Bg7 6. c4 Qb6 7. Nb3 Qc7 8. Nc3 Bxc3+ 9. bxc3 Nf6 10. f3 d6 11. c5 d5 12. exd5 Qe5 13. Kf2 Nxd5 14. Bd4 Nxc3 15. Bxe5 Nxd1+ 16. Rxd1 Nxe5 17. Bb5+ Bd7 18. Rxd7 Nxd7 19. Rd1 0-0-0 20. c6 bxc6 21. Bxc6 Ne5 22. Bd5 e6 23. Rc1+ Kd7 24. Be4 Rc8 25. Rd1+ Ke7 26. f4 Ng4+ 27. Kg3 h5 28. Bf3 Rc3 29. h3 Ne3 30. Rd4 Nf5+ 0-1

[Event "Dos Hermanas Internet qual-C 10th"]
[Site "ICC INT"]
[Date "2009.03.14"]
[Round "4"]
[White "Demaria, Juan Pablo"]
[Black "Jumma, Al Mmouhairi"]
[Result "0-1"]
[WhiteElo "2288"]
[BlackElo "1932"]
[PlyCount "188"]
[EventDate "2009.03.14"]
[EventType "swiss (blitz)"]
[EventRounds "12"]
[EventCountry "ESP"]
[SourceTitle "CBM 129 Extra"]
[Source "ChessBase"]
[SourceDate "2009.05.05"]
[SourceVersion "2"]
[SourceVersionDate "2009.05.20"]
[SourceQuality "1"]

1. e4 e5 2. Nf3 Nf6 3. Nxe5 d6 4. Nc4 Nxe4 5. Qe2 Qe7 6. Ne3 Nc6 7. Nd5 Qd8 8. Qxe4+ Be6 9. Nf4 d5 10. Qe3 Qd7 11. Nxe6 fxe6 12. Bb5 a6 13. Bxc6 Qxc6 14. Qc3 Qd7 15. 0-0 0-0-0 16. d4 Bd6 17. Nd2 Rde8 18. Nf3 h5 19. Bg5 Rhf8 20. Rfe1 Rxf3 21. Qxf3 Rf8 22. Qh3 Rf5 23. Bh4 g5 24. Qe3 gxh4 25. Qxe6 h3 26. Qxd7+ Kxd7 27. gxh3 Rg5+ 28. Kh1 Rf5 29. Re2 Rf3 30. Kg2 Rf4 31. c3 Rf5 32. Re3 Rg5+ 33. Kh1 Rf5 34. f3 Bf4 35. Rd3 Bd6 36. Rg1 Kc6 37. h4 Rf4 38. Rg5 Rxh4 39. Rd2 Bf4 40. Rg6+ Kb5 41. Re2 Bd6 42. Rg5 Kc4 43. Reg2 Kd3 44. Kg1 Bf4 45. Rxd5 Be3+ 46. Kf1 Rh3 47. Rf5 Kc4 48. Re5 Bf4 49. Re4 Bxh2 50. Ke2 Bd6 51. Rf2 Kd5 52. b3 Rh1 53. c4+ Kc6 54. c5 Bg3 55. Rg2 h4 56. Rg4 Ra1 57. Ke3 Re1+ 58. Kd3 Ra1 59. Kc4 Rc1+ 60. Kd3 Rd1+ 61. Kc2 Ra1 62. Kb2 Re1 63. Rg6+ Kb5 64. R6xg3 hxg3 65. Rxg3 Re2+ 66. Ka3 Re3 67. Rg7 Rd3 68. Rxc7 Rxd4 69. Rxb7+ Kxc5 70. Rc7+ Kb5 71. Rf7 Rd3 72. Rf5+ Kb6 73. f4 Kb7 74. Rf6 Rd4 75. Rf7+ Kb6 76. f5 Rd5 77. f6 Ra5+ 78. Kb2 Rf5 79. Rf8 Rf2+ 80. Ka3 Kb5 81. Rb8+ Kc6 82. Rb4 Kc7 83. Rc4+ Kd7 84. Re4 Kd6 85. Rd4+ Ke5 86. Ra4 Kxf6 87. Ra5 Kf7 88. Rxa6 Rf6 89. Ra7+ Kg6 90. Ra4 Rf5 91. Rb4 Ra5+ 92. Ra4 Rf5 93. Rb4 Ra5+ 94. Kb2 Rxa2+ 0-1

[Event "Dos Hermanas Internet qual-D 10th"]
[Site "ICC INT"]
[Date "2009.03.14"]
[Round "5"]
[White "Demaria, Juan Pablo"]
[Black "Kaufman, Raymond"]
[Result "0-1"]
[WhiteElo "2288"]
[BlackElo "2308"]
[PlyCount "98"]
[EventDate "2009.03.14"]
[EventType "swiss (blitz)"]
[EventRounds "12"]
[EventCountry "ESP"]
[SourceTitle "EXT 2010"]
[Source "ChessBase"]
[SourceDate "2010.11.25"]
[SourceVersion "1"]
[SourceVersionDate "2010.11.25"]
[SourceQuality "1"]

1. e4 c5 2. Nf3 e6 3. c3 d5 4. exd5 Qxd5 5. d4 Nf6 6. Be2 Nc6 7. 0-0 Be7 8. Na3 cxd4 9. Nb5 Qd8 10. Nbxd4 Nxd4 11. Nxd4 0-0 12. Nf3 Qc7 13. Bg5 Rd8 14. Qb3 e5 15. Bh4 Be6 16. Qc2 Nd5 17. Bg3 Bf6 18. a3 g6 19. Rad1 h6 20. Rfe1 Bg7 21. Bf1 Bf5 22. Qb3 Nf4 23. Rxd8+ Rxd8 24. Bc4 g5 25. h3 Rd7 26. Bxf4 gxf4 27. Bf1 e4 28. Nd4 Bxd4 29. cxd4 Rxd4 30. Qb5 Bg6 31. Qe8+ Kg7 32. h4 Rd2 33. Qb5 Qb6 34. Qe5+ Qf6 35. Qxf6+ Kxf6 36. b3 Ke5 37. Bc4 Kd4 38. a4 e3 39. fxe3+ fxe3 40. Rf1 Be4 41. Re1 Rxg2+ 42. Kf1 Rf2+ 43. Kg1 f5 44. Be2 Rg2+ 45. Kf1 f4 46. Bc4 f3 47. Re2 fxe2+ 48. Ke1 Bf3 49. Bb5 Rg1# 0-1

[Event "Dos Hermanas Internet qual-D 10th"]
[Site "ICC INT"]
[Date "2009.03.14"]
[Round "8"]
[White "Demaria, Juan Pablo"]
[Black "Marques, Joao Paulo Cassemir"]
[Result "1-0"]
[WhiteElo "2288"]
[BlackElo "1530"]
[PlyCount "153"]
[EventDate "2009.03.14"]
[EventType "swiss (blitz)"]
[EventRounds "12"]
[EventCountry "ESP"]
[SourceTitle "EXT 2010"]
[Source "ChessBase"]
[SourceDate "2010.11.25"]
[SourceVersion "1"]
[SourceVersionDate "2010.11.25"]
[SourceQuality "1"]

1. e4 e5 2. Nf3 Nc6 3. Bc4 Nf6 4. d3 Bc5 5. c3 0-0 6. 0-0 d6 7. Qe2 Be6 8. Nbd2 Na5 9. Bb5 a6 10. Ba4 Ba7 11. Bc2 Bg4 12. h3 Bh5 13. Re1 Re8 14. Nf1 d5 15. g4 Bg6 16. Ng3 dxe4 17. dxe4 Nc6 18. Nf5 Bxf5 19. gxf5 g6 20. Nh4 Nh5 21. Qg4 Nf6 22. Qg5 Nh5 23. Qg4 Nf6 24. Qg2 Nh5 25. Nf3 Kh8 26. Kh1 Rg8 27. Qg4 Nf6 28. Qh4 Nh5 29. Qg4 Nf6 30. Qh4 Nh5 31. Qg4 Bxf2 32. Rd1 Ng3+ 33. Kg2 gxf5 34. Rxd8 fxg4 35. Rxa8 gxf3+ 36. Kxf2 Nh1+ 37. Kxf3 Rxa8 38. Kg2 f5 39. exf5 Ne7 40. Kxh1 Rg8 41. Be3 Nd5 42. Re1 Rg3 43. Bf2 Rf3 44. Kg2 Rf4 45. Bg3 Rc4 46. Bxe5+ Kg8 47. Bb3 b5 48. Bxc4 bxc4 49. Rd1 c6 50. Rxd5 cxd5 51. Kf3 d4 52. Bxd4 Kf7 53. Kf4 a5 54. Ke4 a4 55. Kd5 h5 56. a3 Ke7 57. Kxc4 Kf7 58. Be3 Ke7 59. h4 Kf7 60. Bg5 Kg8 61. Kb4 Kh7 62. Kxa4 Kh8 63. Kb4 Kh7 64. a4 Kh8 65. a5 Kg8 66. a6 Kg7 67. a7 Kf7 68. a8Q Kg7 69. Qc6 Kf7 70. Qd6 Kg7 71. c4 Kf7 72. c5 Kg7 73. c6 Kh7 74. c7 Kg7 75. c8Q Kf7 76. Qcc7+ Ke8 77. Qdd8# 1-0

[Event "Dos Hermanas Internet qual-C 10th"]
[Site "ICC INT"]
[Date "2009.03.14"]
[Round "12"]
[White "Demaria, Juan Pablo"]
[Black "Moran Rodriguez, Luciano Rafael"]
[Result "1-0"]
[WhiteElo "2288"]
[BlackElo "2138"]
[PlyCount "91"]
[EventDate "2009.03.14"]
[EventType "swiss (blitz)"]
[EventRounds "12"]
[EventCountry "ESP"]
[SourceTitle "CBM 129 Extra"]
[Source "ChessBase"]
[SourceDate "2009.05.05"]
[SourceVersion "2"]
[SourceVersionDate "2009.05.20"]
[SourceQuality "1"]

1. e4 c5 2. Nf3 d6 3. c3 Nf6 4. Be2 Nc6 5. d4 cxd4 6. cxd4 Bd7 7. Nc3 e5 8. d5 Ne7 9. 0-0 g6 10. Be3 Bg7 11. h3 0-0 12. Qd2 a6 13. Bh6 b5 14. Bxg7 Kxg7 15. a3 Rc8 16. Nh4 Nfg8 17. f4 exf4 18. Qxf4 Be8 19. Kh1 f5 20. e5 dxe5 21. Qxe5+ Nf6 22. Rad1 Bf7 23. d6 Nc6 24. Qg3 Be6 25. Bd3 Kh8 26. Bb1 Qd7 27. Qf4 Nh5 28. Qh6 Ng3+ 29. Kg1 Qg7 30. Qxg7+ Kxg7 31. Rfe1 Bd7 32. Nf3 Rce8 33. Kf2 Ne4+ 34. Bxe4 fxe4 35. Nxe4 Ne5 36. Nc5 Bc6 37. Kg3 Nxf3 38. gxf3 Rxf3+ 39. Kh4 Rxe1 40. Rxe1 Rf7 41. Nxa6 Rd7 42. Rd1 h6 43. Nc5 g5+ 44. Kg3 Rd8 45. Ne6+ Kf6 46. Nxd8 1-0

[Event "Dos Hermanas Internet qual-D 10th"]
[Site "ICC INT"]
[Date "2009.03.14"]
[Round "7"]
[White "Matsuura, Everaldo"]
[Black "Demaria, Juan Pablo"]
[Result "0-1"]
[WhiteElo "2483"]
[BlackElo "2288"]
[PlyCount "88"]
[EventDate "2009.03.14"]
[EventType "swiss (blitz)"]
[EventRounds "12"]
[EventCountry "ESP"]
[SourceTitle "EXT 2010"]
[Source "ChessBase"]
[SourceDate "2010.11.25"]
[SourceVersion "1"]
[SourceVersionDate "2010.11.25"]
[SourceQuality "1"]

1. e4 c5 2. c3 Nf6 3. e5 Nd5 4. d4 cxd4 5. Nf3 e6 6. cxd4 b6 7. Nc3 Nxc3 8. bxc3 Qc7 9. Bd2 Ba6 10. Bxa6 Nxa6 11. 0-0 h6 12. Ne1 g6 13. Rc1 Bg7 14. f4 0-0 15. c4 Rfd8 16. Qa4 Qb7 17. Bb4 Nxb4 18. Qxb4 Qe4 19. Qc3 d6 20. Nc2 Rac8 21. Rce1 Qc6 22. Ne3 dxe5 23. fxe5 Qe4 24. Rd1 Rd7 25. g3 Rcd8 26. Rf4 Qc6 27. Qb3 Qc7 28. Rdf1 Rf8 29. Nc2 Bxe5 30. dxe5 Qxe5 31. R4f2 Qe4 32. Qe3 Qxe3 33. Nxe3 Rd3 34. Ng4 Kg7 35. Ne5 Re3 36. Nxf7 Rd3 37. Ne5 Rxf2 38. Rxf2 Re3 39. Nc6 g5 40. Nd8 Re1+ 41. Kg2 Re3 42. g4 Re4 43. Nc6 Rxg4+ 44. Kf3 Rxc4 0-1

[Event "Dos Hermanas Internet qual-B 10th"]
[Site "ICC INT"]
[Date "2009.03.13"]
[Round "7"]
[White "Demaria, Juan Pablo"]
[Black "Rios Parra, Mauricio Flores"]
[Result "0-1"]
[WhiteElo "2288"]
[BlackElo "2306"]
[PlyCount "96"]
[EventDate "2009.03.13"]
[EventType "swiss (blitz)"]
[EventRounds "12"]
[EventCountry "ESP"]
[SourceTitle "CBM 129 Extra"]
[Source "ChessBase"]
[SourceDate "2009.05.05"]
[SourceVersion "2"]
[SourceVersionDate "2009.05.20"]
[SourceQuality "1"]

1. e4 c5 2. Nf3 d6 3. c3 Nf6 4. Be2 Nc6 5. d4 cxd4 6. cxd4 Nxe4 7. d5 Qa5+ 8. Nc3 Nxc3 9. bxc3 Nb8 10. Qb3 e5 11. 0-0 Be7 12. Bb5+ Nd7 13. Bxd7+ Bxd7 14. Qxb7 Qd8 15. Be3 0-0 16. Qb3 Qc7 17. c4 Bg4 18. h3 Bxf3 19. gxf3 Rfb8 20. Qd3 Rb2 21. Bc1 Rb4 22. c5 dxc5 23. Be3 Bd6 24. a3 Rh4 25. Kg2 Qd7 26. Rh1 c4 27. Qc3 Rc8 28. Rac1 e4 29. fxe4 Rxe4 30. Qa5 Re5 31. Qxa7 Qxa7 32. Bxa7 Rxd5 33. Be3 Bxa3 34. Rc2 Rd7 35. Ra1 Bf8 36. Rac1 Rdc7 37. Bd4 Rc6 38. Kf3 g6 39. Bc3 Bg7 40. Bxg7 Kxg7 41. Ke4 Rc5 42. Kd4 Rh5 43. Rc3 Rh4+ 44. Kd5 Kf6 45. Re1 Rd8+ 46. Kc5 Rh5+ 47. Kb4 Rb8+ 48. Ka3 Ra5# 0-1

[Event "Dos Hermanas Internet qual-B 10th"]
[Site "ICC INT"]
[Date "2009.03.13"]
[Round "11"]
[White "Demaria, Juan Pablo"]
[Black "Rozenvasser, Anthony"]
[Result "1-0"]
[WhiteElo "2288"]
[BlackElo "2116"]
[PlyCount "93"]
[EventDate "2009.03.13"]
[EventType "swiss (blitz)"]
[EventRounds "12"]
[EventCountry "ESP"]
[SourceTitle "CBM 129 Extra"]
[Source "ChessBase"]
[SourceDate "2009.05.05"]
[SourceVersion "2"]
[SourceVersionDate "2009.05.20"]
[SourceQuality "1"]

1. d4 d6 2. Nf3 g6 3. Bf4 Bg7 4. e3 Nf6 5. c3 0-0 6. h3 c5 7. Nbd2 Qb6 8. b3 Nc6 9. Bd3 cxd4 10. exd4 Nd5 11. Be3 Nxc3 12. Qc2 Nd5 13. 0-0 Nxd4 14. Bxd4 Be5 15. Bxb6 axb6 16. Nxe5 dxe5 17. Ne4 Be6 18. Ng5 Rac8 19. Qe2 Nf4 20. Qf3 Rc3 21. Nxe6 fxe6 22. Rfd1 Nxd3 23. Qxb7 Nxf2 24. Rf1 Nd3 25. Rxf8+ Kxf8 26. Rf1+ Nf4 27. Qxb6 Rg3 28. Qb7 Ke8 29. Rxf4 exf4 30. a4 g5 31. a5 Kf7 32. a6 f3 33. Qxf3+ Rxf3 34. gxf3 Kf6 35. a7 e5 36. a8Q e6 37. Qe4 h5 38. b4 h4 39. b5 Ke7 40. Qxe5 Kd7 41. b6 Kc6 42. Qxe6+ Kb7 43. Qd6 g4 44. Qc7+ Ka6 45. b7 g3 46. b8Q g2 47. Qca7# 1-0

[Event "Buenos Aires-ch qual"]
[Site "Buenos Aires"]
[Date "2006.03.26"]
[Round "7.26"]
[White "Quarracino, Santiago"]
[Black "Demaria, Juan Pablo"]
[Result "1/2-1/2"]
[WhiteElo "2060"]
[BlackElo "2273"]
[PlyCount "81"]
[EventDate "2006.03.21"]
[EventType "swiss"]
[EventRounds "9"]
[EventCountry "ARG"]
[SourceTitle "CBM 111 Extra"]
[Source "ChessBase"]
[SourceDate "2006.05.09"]
[SourceVersion "1"]
[SourceVersionDate "2006.05.09"]
[SourceQuality "1"]

1. e4 c5 2. Nc3 Nc6 3. Nge2 Nf6 4. d4 cxd4 5. Nxd4 d6 6. Be2 e5 7. Nb3 Be7 8. Be3 0-0 9. 0-0 a5 10. a4 Be6 11. Nd2 Rc8 12. Nc4 Nd4 13. Bxd4 Bxc4 14. Be3 Be6 15. Bg5 h6 16. Bxf6 Bxf6 17. Bb5 Qb6 18. Qe2 Qc5 19. Rfd1 Bg5 20. Rd3 f5 21. Rad1 Be7 22. R1d2 Qb4 23. exf5 Rxf5 24. Nd5 Bxd5 25. c3 Qh4 26. g3 Qf6 27. Rxd5 Rf8 28. Bd3 e4 29. Bxe4 Re5 30. Rxe5 dxe5 31. Bc2 b6 32. Qe4 Bc5 33. Kg2 Qe6 34. Bd3 Qf6 35. Qh7+ Kf7 36. Bc4+ Ke7 37. Qe4 Qf5 38. Qb7+ Kf6 39. Qc6+ Ke7 40. Qb7+ Kf6 41. Qc6+ 1/2-1/2

[Event "Buenos Aires-ch qual"]
[Site "Buenos Aires"]
[Date "2006.03.25"]
[Round "6.17"]
[White "Demaria, Juan Pablo"]
[Black "Perdomo, Leandro Daniel"]
[Result "0-1"]
[WhiteElo "2273"]
[BlackElo "2343"]
[PlyCount "84"]
[EventDate "2006.03.21"]
[EventType "swiss"]
[EventRounds "9"]
[EventCountry "ARG"]
[SourceTitle "CBM 111 Extra"]
[Source "ChessBase"]
[SourceDate "2006.05.09"]
[SourceVersion "1"]
[SourceVersionDate "2006.05.09"]
[SourceQuality "1"]

1. d4 Nf6 2. Bg5 e6 3. e4 c5 4. e5 h6 5. Bc1 Nh7 6. c3 Nc6 7. Be3 cxd4 8. cxd4 d6 9. exd6 Bxd6 10. Nf3 0-0 11. Nc3 b6 12. Bd3 Nf6 13. 0-0 Nb4 14. Bb1 Bb7 15. Ne5 Rc8 16. Ng4 Nxg4 17. Qxg4 f5 18. Qh3 Nd5 19. Nxd5 Bxd5 20. Bd3 Qf6 21. Rfd1 Rc7 22. f4 g5 23. Qg3 Rg7 24. fxg5 Qe7 25. Bf4 Bxf4 26. Qxf4 Rxg5 27. Rd2 Qg7 28. Bf1 Rg4 29. Qe5 Qxe5 30. dxe5 Re4 31. Re2 Rc8 32. Rxe4 Bxe4 33. Rd1 Bd5 34. a3 Rc2 35. b4 Kf7 36. h3 Kg6 37. Kh2 Ra2 38. Rd3 f4 39. Rc3 f3 40. Bd3+ Kg5 41. Bc4 Rxg2+ 42. Kh1 f2 0-1

[Event "Buenos Aires-ch qual"]
[Site "Buenos Aires"]
[Date "2006.03.24"]
[Round "4.11"]
[White "Demaria, Juan Pablo"]
[Black "Pierrot, Juan Facundo"]
[Result "1-0"]
[WhiteElo "2273"]
[BlackElo "2452"]
[PlyCount "149"]
[EventDate "2006.03.21"]
[EventType "swiss"]
[EventRounds "9"]
[EventCountry "ARG"]
[SourceTitle "CBM 111 Extra"]
[Source "ChessBase"]
[SourceDate "2006.05.09"]
[SourceVersion "1"]
[SourceVersionDate "2006.05.09"]
[SourceQuality "1"]

1. d4 Nf6 2. Bg5 d5 3. Bxf6 exf6 4. e3 c6 5. g3 Qb6 6. b3 a5 7. c3 Be7 8. Bg2 Bf5 9. Ne2 a4 10. b4 0-0 11. 0-0 Re8 12. Nd2 Nd7 13. a3 Qa6 14. Re1 Bd6 15. Rc1 Bd3 16. Bf3 f5 17. Nf4 Bxf4 18. gxf4 Re6 19. h3 Rae8 20. Kh2 b5 21. Rg1 Qc8 22. Rg3 Nf6 23. Qg1 g6 24. Qd1 Kf8 25. Ra1 Qa6 26. Rg1 Bc4 27. Qc2 Qc8 28. Rae1 Qc7 29. Qb1 Qd8 30. Bd1 Qd6 31. Qb2 Qc7 32. Rg2 Bd3 33. Rgg1 Nd7 34. Nf3 f6 35. Rg3 Ke7 36. Qd2 Be4 37. Ng1 Nb6 38. Be2 Nc4 39. Bxc4 dxc4 40. Ne2 Kf7 41. Kg1 Bd5 42. Kf1 Be4 43. Nc1 g5 44. Qe2 h6 45. Qh5+ Kg7 46. Kg1 Qf7 47. Qxf7+ Kxf7 48. h4 gxh4 49. Rg2 Bxg2 50. Kxg2 Rg8+ 51. Kf3 Ree8 52. Ne2 Rd8 53. Rh1 Rg4 54. Rh2 Kg6 55. Rh1 Kh5 56. Ng3+ Kg6 57. Nxf5 h5 58. Nxh4+ Kf7 59. Nf5 Rh8 60. Ng3 Rgg8 61. Rh4 f5 62. Nxf5 Rg1 63. Nd6+ Ke6 64. Nb7 Ra1 65. e4 Rxa3 66. f5+ Ke7 67. Kf4 Rxc3 68. e5 a3 69. f6+ Kf7 70. Nd6+ Kg6 71. Rh1 h4 72. Rg1+ Rg3 73. fxg3 h3 74. Ne4 h2 75. Rh1 1-0

[Event "Buenos Aires-ch qual"]
[Site "Buenos Aires"]
[Date "2006.03.23"]
[Round "3.5"]
[White "Needleman, Gaston"]
[Black "Demaria, Juan Pablo"]
[Result "1-0"]
[WhiteElo "2413"]
[BlackElo "2273"]
[PlyCount "159"]
[EventDate "2006.03.21"]
[EventType "swiss"]
[EventRounds "9"]
[EventCountry "ARG"]
[SourceTitle "CBM 111 Extra"]
[Source "ChessBase"]
[SourceDate "2006.05.09"]
[SourceVersion "1"]
[SourceVersionDate "2006.05.09"]
[SourceQuality "1"]

1. e4 c5 2. Nf3 d6 3. d4 cxd4 4. Nxd4 Nf6 5. Nc3 a6 6. Be3 Ng4 7. Bc1 Nf6 8. f3 e5 9. Nb3 Be6 10. Be3 Be7 11. Qd2 0-0 12. 0-0-0 b5 13. g4 b4 14. Nd5 Bxd5 15. exd5 a5 16. Kb1 Na6 17. Bb5 Nc7 18. Bc6 a4 19. Nc1 Ra5 20. Bb6 Ra6 21. Bxc7 Qxc7 22. Qxb4 Rb8 23. Qc4 Qb6 24. Nd3 e4 25. fxe4 Nxg4 26. a3 Ne5 27. Qc3 Nxd3 28. cxd3 Qf2 29. d4 Rab6 30. Rd2 Qf4 31. Rhd1 Qxe4+ 32. Ka1 Bg5 33. Rc2 Qg4 34. Qd3 Rb3 35. Qe2 Qf5 36. Bxa4 Re3 37. Qc4 h6 38. Rf1 Qh3 39. Ka2 Bf6 40. Rd1 Qf3 41. Rcd2 Bg5 42. Rd3 Qg2 43. R1d2 Qf1 44. Qc7 Ra8 45. Rxe3 Bxe3 46. Rd1 Qf2 47. Bc6 Qc2 48. Qxd6 Rf8 49. Re1 Qc4+ 50. Ka1 Qxd4 51. Qg3 Bf4 52. Qg1 Qd2 53. Rd1 Qa5 54. Qd4 Bd6 55. Ka2 Rb8 56. h4 f6 57. Qc4 Qb6 58. Rd2 Kh8 59. Ba4 Qa5 60. Re2 Be5 61. Bc6 Qb6 62. b4 Qg1 63. Qd3 Qg4 64. Ba4 Rc8 65. Rc2 Rd8 66. Rc6 f5 67. Bc2 g6 68. Re6 Qf4 69. h5 Bg7 70. Qe2 gxh5 71. Re8+ Rxe8 72. Qxe8+ Kh7 73. Qc8 Kg6 74. d6 Qe5 75. Kb3 Bf6 76. d7 Qd5+ 77. Ka4 h4 78. Bb3 Qd6 79. Qg8+ Bg7 80. Qe8+ 1-0

[Event "American Continental 03rd"]
[Site "Buenos Aires"]
[Date "2005.08.08"]
[Round "3"]
[White "Morinongeli, Martin"]
[Black "Demaria, Juan Pablo"]
[Result "1/2-1/2"]
[WhiteElo "2119"]
[BlackElo "2272"]
[PlyCount "104"]
[EventDate "2005.08.06"]
[EventType "swiss"]
[EventRounds "11"]
[EventCountry "ARG"]
[SourceTitle "CBM 107 Extra"]
[Source "ChessBase"]
[SourceDate "2005.09.01"]
[SourceVersion "1"]
[SourceVersionDate "2005.09.01"]
[SourceQuality "1"]

1. Nf3 c5 2. c4 Nc6 3. Nc3 e5 4. g3 g6 5. Bg2 Bg7 6. 0-0 Nge7 7. Ne1 0-0 8. Nc2 Rb8 9. Rb1 d6 10. b4 Be6 11. d3 b6 12. b5 Nd4 13. Ne3 Qd7 14. Ned5 Nxd5 15. Nxd5 Bh3 16. Bxh3 Qxh3 17. Be3 Ne6 18. Qd2 f5 19. f4 Rbe8 20. Rbe1 h6 21. Bf2 g5 22. e3 Kh7 23. Kh1 Rg8 24. a4 h5 25. Rg1 Ref8 26. Ref1 Bh6 27. fxe5 dxe5 28. Be1 f4 29. Qg2 Qxg2+ 30. Kxg2 g4 31. exf4 exf4 32. gxf4 Nxf4+ 33. Nxf4 Bxf4 34. Bg3 Bxg3 35. hxg3 Kg6 36. Re1 Rf6 37. Rgf1 Rd8 38. Re7 Rxf1 39. Kxf1 Rxd3 40. Kg2 Rd2+ 41. Kg1 Kf5 42. Rxa7 Ke4 43. a5 bxa5 44. b6 Rb2 45. Rxa5 Rxb6 46. Rxc5 Rb1+ 47. Kg2 Rb2+ 48. Kg1 Kf3 49. Rxh5 Kxg3 50. Rb5 Rg2+ 51. Kh1 Rc2 52. Rb3+ Kf2 1/2-1/2

[Event "American Continental 03rd"]
[Site "Buenos Aires"]
[Date "2005.08.06"]
[Round "1"]
[White "Kudrin, Sergey"]
[Black "Demaria, Juan Pablo"]
[Result "1/2-1/2"]
[WhiteElo "2559"]
[BlackElo "2272"]
[PlyCount "53"]
[EventDate "2005.08.06"]
[EventType "swiss"]
[EventRounds "11"]
[EventCountry "ARG"]
[SourceTitle "CBM 109"]
[Source "ChessBase"]
[SourceDate "2005.11.14"]
[SourceVersion "1"]
[SourceVersionDate "2005.11.14"]
[SourceQuality "1"]

1. e4 c5 2. Nf3 d6 3. d4 cxd4 4. Nxd4 Nf6 5. Nc3 Nc6 6. Bg5 e6 7. Qd2 a6 8. Be2 Qa5 9. f4 Bd7 10. Nb3 Qc7 11. Bxf6 gxf6 12. Bh5 Na5 13. f5 Nc4 14. Qd4 Ke7 15. Rf1 Bg7 16. 0-0-0 Rac8 17. Be2 b5 18. g4 Bh6+ 19. Kb1 Rhf8 20. Rf3 Bg5 21. Bxc4 bxc4 22. Nd2 Qc5 23. Nxc4 Qxd4 24. Rxd4 e5 25. Nd5+ Kd8 26. Nxd6 exd4 27. Nb7+ 1/2-1/2